[Event "Copenhagen Bronshoj GM"]
[Site "Copenhagen"]
[Date "2012.06.02"]
[Round "2"]
[White "Georgiev, Vladimir"]
[Black "Aabling Thomsen, Jakob"]
[Result "1/2-1/2"]
[WhiteElo "2555"]
[BlackElo "2331"]
[PlyCount "228"]
[EventDate "2012.06.01"]
[EventType "tourn"]
[EventRounds "9"]
[EventCountry "DEN"]
[EventCategory "8"]
[SourceTitle "CBM 148 Extra"]
[Source "ChessBase"]
[SourceDate "2012.06.22"]

1. d4 Nf6 2. Nf3 g6 3. Nbd2 Bg7 4. e4 d6 5. Bd3 O-O 6. O-O c5 7. dxc5 dxc5 8.
h3 Nc6 9. Re1 b6 10. e5 Ne8 11. Nf1 Nc7 12. Be4 Bb7 13. Bg5 Re8 14. Qc1 Ne6 15.
Bh6 Bh8 16. N1h2 Qc7 17. Ng4 Rad8 18. Ng5 Bc8 19. f4 f5 20. Nxe6 Bxe6 21. Bxc6
Qxc6 22. Nh2 Bd5 23. Qd2 Qb5 24. Qc3 Be4 25. Nf1 Rd4 26. Ne3 Red8 27. Rad1 e6
28. Bg5 R8d7 29. Rxd4 Rxd4 30. a3 Bg7 31. b3 Bf8 32. Bh4 Bb7 33. Bg3 Qc6 34.
Re2 Bh6 35. Nc4 Ba6 36. Rd2 Qd5 37. Rxd4 cxd4 38. Qd3 Bf8 39. Bf2 Bb7 40. Qg3
Qe4 41. Nd6 Qxc2 42. Nxb7 d3 43. Be3 d2 44. Bxd2 Qxd2 45. b4 Qd4+ 46. Qf2 Qd5
47. Qf3 Qxf3 48. gxf3 Be7 49. Kf2 Kf8 50. a4 Ke8 51. b5 Kd7 52. a5 bxa5 53.
Nxa5 Kc7 54. Nc4 Bh4+ 55. Ke2 Bg3 56. Ke3 Bh2 57. Nd6 Bg1+ 58. Kd3 Kb6 59. Nf7
Kxb5 60. Ng5 a5 61. Nxe6 a4 62. Nf8 Kb4 63. Kc2 a3 64. e6 Bc5 65. Nxh7 Be7 66.
Ng5 Bf6 67. Nh7 a2 68. Nxf6 a1=Q 69. e7 Qc3+ 70. Kd1 Qxf3+ 71. Ke1 Qe3+ 72. Kd1
Qd3+ 73. Ke1 Qe3+ 74. Kd1 Qg1+ 75. Ke2 Qg2+ 76. Ke1 Qg1+ 77. Ke2 Qh2+ 78. Kd1
Qh1+ 79. Ke2 Qg2+ 80. Ke1 Qg3+ 81. Ke2 Qh2+ 82. Kd1 Kc3 83. Nd5+ Kd3 84. Nb4+
Kc3 85. Nd5+ Kd4 86. e8=Q Qh1+ 87. Kd2 Qg2+ 88. Ke1 Qxd5 89. Kf2 Qa2+ 90. Kg3
Qb3+ 91. Kh4 Qf3 92. Qa4+ Ke3 93. Kg5 Qg3+ 94. Kf6 Kf3 95. Ke5 Kg2 96. Qd4 Kxh3
97. Qd2 Qf3 98. Qe1 Kg4 99. Qg1+ Qg3 100. Qd1+ Kh4 101. Qh1+ Qh3 102. Qe1+ Kh5
103. Qe2+ Kh6 104. Qd2 Qh1 105. Qc3 Kh5 106. Qg3 Qe4+ 107. Kf6 Qd4+ 108. Ke6
Qb6+ 109. Kf7 Qc7+ 110. Kf6 Qd8+ 111. Kf7 Qd7+ 112. Kf6 Qd6+ 113. Kf7 Qd7+ 114.
Kf6 Qd6+ 1/2-1/2

[Event "Copenhagen Bronshoj GM"]
[Site "Copenhagen"]
[Date "2012.06.03"]
[Round "4"]
[White "Georgiev, Vladimir"]
[Black "Bromann, Thorbjorn"]
[Result "1/2-1/2"]
[WhiteElo "2555"]
[BlackElo "2411"]
[PlyCount "116"]
[EventDate "2012.06.01"]
[EventType "tourn"]
[EventRounds "9"]
[EventCountry "DEN"]
[EventCategory "8"]
[SourceTitle "CBM 148 Extra"]
[Source "ChessBase"]
[SourceDate "2012.06.22"]

1. d4 d5 2. Nf3 c6 3. c4 Nf6 4. Nc3 a6 5. cxd5 cxd5 6. Bf4 Nc6 7. Ne5 e6 8. e3
Nd7 9. Nxc6 bxc6 10. Be2 c5 11. O-O Be7 12. Rc1 O-O 13. Na4 Qa5 14. dxc5 Nxc5
15. Nxc5 Bxc5 16. Qc2 Be7 17. Qc6 Ra7 18. Qxc8 Rxc8 19. Rxc8+ Bd8 20. b4 Qb6
21. Rfc1 f6 22. Bc7 Rxc7 23. R1xc7 Qxc7 24. Rxc7 Bxc7 25. Bxa6 Kf7 26. Kf1 Bd6
27. a3 Be5 28. Ke2 Bb2 29. a4 Bc3 30. b5 Ba5 31. Kd3 Ke7 32. e4 dxe4+ 33. Kxe4
Kd6 34. Bc8 Bb6 35. f3 Ba5 36. Kd4 Bb6+ 37. Kc4 Ba5 38. Bb7 g5 39. g4 f5 40.
gxf5 exf5 41. Bc8 f4 42. Bg4 h6 43. h3 Be1 44. Bh5 Kc7 45. Kd5 Kb6 46. Bg6 Ba5
47. Be8 Be1 48. Bg6 Ba5 49. Bc2 Be1 50. Ke5 Bf2 51. Kf5 Be1 52. Kg6 Bh4 53.
Kxh6 Ka5 54. Kg6 Kb6 55. Kf5 Ka5 56. Ke5 Kb6 57. Bg6 Be1 58. Be8 Bh4 1/2-1/2

[Event "Copenhagen Bronshoj GM"]
[Site "Copenhagen"]
[Date "2012.06.04"]
[Round "6"]
[White "Georgiev, Vladimir"]
[Black "Hagen, Andreas Skytte"]
[Result "1/2-1/2"]
[WhiteElo "2555"]
[BlackElo "2445"]
[PlyCount "101"]
[EventDate "2012.06.01"]
[EventType "tourn"]
[EventRounds "9"]
[EventCountry "DEN"]
[EventCategory "8"]
[SourceTitle "CBM 148 Extra"]
[Source "ChessBase"]
[SourceDate "2012.06.22"]

1. d4 Nf6 2. c4 g6 3. Nc3 d5 4. Bf4 Bg7 5. e3 c5 6. dxc5 Qa5 7. Rc1 dxc4 8.
Bxc4 O-O 9. Nf3 Nbd7 10. O-O Nxc5 11. a3 Be6 12. Bxe6 Nxe6 13. Be5 Rfd8 14. Qe2
Nd5 15. Bxg7 Kxg7 16. Ne4 Nf6 17. Nxf6 Kxf6 18. Rc4 Kg7 19. Rfc1 Rd6 20. h4
Rad8 21. Qc2 Rd3 22. Ra4 Qb6 23. Rb4 Qa6 24. g3 R3d5 25. Ra4 Qb6 26. Rc4 Qd6
27. Kg2 h5 28. Qb3 Qd7 29. Qc3+ f6 30. Qc2 Rd1 31. Rxd1 Qxd1 32. Qc3 Qd7 33.
Qc1 b6 34. Qc3 Qb7 35. Qc2 Kf7 36. e4 b5 37. Rc6 Nd4 38. Nxd4 Rxd4 39. Qb3+ Kg7
40. Qe6 Qd7 41. Qxd7 Rxd7 42. Rc5 a6 43. Rc6 Rd2 44. b4 Rd4 45. e5 a5 46. bxa5
Ra4 47. exf6+ exf6 48. a6 Rxa3 49. Kf1 b4 50. Ke2 b3 51. Rb6 1/2-1/2

[Event "Copenhagen Bronshoj GM"]
[Site "Copenhagen"]
[Date "2012.06.05"]
[Round "9"]
[White "Georgiev, Vladimir"]
[Black "Shahade, Gregory P"]
[Result "1/2-1/2"]
[WhiteElo "2555"]
[BlackElo "2471"]
[PlyCount "37"]
[EventDate "2012.06.01"]
[EventType "tourn"]
[EventRounds "9"]
[EventCountry "DEN"]
[EventCategory "8"]
[SourceTitle "CBM 148 Extra"]
[Source "ChessBase"]
[SourceDate "2012.06.22"]

1. c4 e5 2. g3 Nf6 3. Bg2 d5 4. cxd5 Nxd5 5. Nc3 Nb6 6. Nf3 Nc6 7. a3 Be7 8.
O-O O-O 9. d3 Be6 10. Rb1 f6 11. b4 Nd4 12. Bb2 Nxf3+ 13. Bxf3 c6 14. Bg2 Rc8
15. Ne4 Nd7 16. Rc1 c5 17. b5 Nb6 18. f4 exf4 19. gxf4 1/2-1/2

[Event "Copenhagen Bronshoj GM"]
[Site "Copenhagen"]
[Date "2012.06.05"]
[Round "9"]
[White "Hagen, Andreas Skytte"]
[Black "Aabling Thomsen, Jakob"]
[Result "0-1"]
[WhiteElo "2445"]
[BlackElo "2331"]
[PlyCount "142"]
[EventDate "2012.06.01"]
[EventType "tourn"]
[EventRounds "9"]
[EventCountry "DEN"]
[EventCategory "8"]
[SourceTitle "CBM 148 Extra"]
[Source "ChessBase"]
[SourceDate "2012.06.22"]

1. d4 Nf6 2. c4 g6 3. Nc3 d5 4. cxd5 Nxd5 5. e4 Nxc3 6. bxc3 Bg7 7. Bc4 c5 8.
Ne2 Nc6 9. Be3 O-O 10. O-O Qc7 11. Rc1 b6 12. Qd2 Bb7 13. Bh6 Rad8 14. Bxg7
Kxg7 15. Qe3 e5 16. Qg3 Qe7 17. d5 Na5 18. Bd3 c4 19. Bb1 Bc8 20. f4 f6 21. Kh1
Nb7 22. Ng1 Nd6 23. Nf3 Rde8 24. f5 g5 25. h4 h6 26. Qf2 g4 27. Nh2 h5 28. Rfe1
Bd7 29. Nf1 Rc8 30. Ng3 Be8 31. Bc2 Rh8 32. Bd1 Rc5 33. Rb1 Ra5 34. Rb4 Qc7 35.
Kh2 Ra3 36. Qb2 Ra5 37. Qf2 Qc8 38. Qb2 Qa6 39. Re2 Bf7 40. Rd2 Ra3 41. Be2 Rc8
42. Rc2 Rc5 43. Qb1 Rca5 44. Qd1 Rxa2 45. Rxa2 Rxa2 46. Bxg4 hxg4 47. Qxg4+ Kh6
48. Nf1 Qc8 49. Ne3 Bh5 50. Qh3 b5 51. Ng4+ Bxg4 52. Qxg4 Qe8 53. Kh3 Ra3 54.
Qf3 a5 55. Rb1 b4 56. Rc1 Rxc3 57. Rxc3 bxc3 58. Qxc3 Qb5 59. Qe3+ Kh7 60. Kh2
Qb7 61. Qe2 Qg7 62. g3 a4 63. Kh3 a3 64. Kh2 Kg8 65. Kh3 Kf8 66. Qa2 Qa7 67. h5
c3 68. h6 Kg8 69. Qe2 a2 70. Qh5 Kh8 71. Qh4 Qf7 0-1

[Event "Copenhagen Bronshoj GM"]
[Site "Copenhagen"]
[Date "2012.06.02"]
[Round "2"]
[White "Hagen, Andreas Skytte"]
[Black "Bromann, Thorbjorn"]
[Result "1/2-1/2"]
[WhiteElo "2445"]
[BlackElo "2411"]
[PlyCount "60"]
[EventDate "2012.06.01"]
[EventType "tourn"]
[EventRounds "9"]
[EventCountry "DEN"]
[EventCategory "8"]
[SourceTitle "CBM 148 Extra"]
[Source "ChessBase"]
[SourceDate "2012.06.22"]

1. Nf3 d5 2. c4 c6 3. e3 g6 4. Nc3 Bg7 5. d4 Nf6 6. Be2 O-O 7. O-O e6 8. b3
Nbd7 9. Qc2 b6 10. Bb2 Bb7 11. Rac1 c5 12. Rfd1 dxc4 13. dxc5 cxb3 14. Qxb3 Rc8
15. cxb6 Qxb6 16. Nd4 Nd5 17. Na4 Qxb3 18. axb3 N5b6 19. Ba3 Rxc1 20. Rxc1 Rc8
21. Rxc8+ Nxc8 22. Bf3 Bxf3 23. Nxf3 Bf8 24. Bb2 Bg7 25. Ba3 Bf8 26. Bb2 Bg7
27. Ba3 Bf8 28. Bb2 Bg7 29. Ba3 Bf8 30. Bb2 Bg7 1/2-1/2

[Event "Copenhagen Bronshoj GM"]
[Site "Copenhagen"]
[Date "2012.06.03"]
[Round "5"]
[White "Hagen, Andreas Skytte"]
[Black "Mikkelsen, Nikolaj"]
[Result "1/2-1/2"]
[WhiteElo "2445"]
[BlackElo "2399"]
[PlyCount "101"]
[EventDate "2012.06.01"]
[EventType "tourn"]
[EventRounds "9"]
[EventCountry "DEN"]
[EventCategory "8"]
[SourceTitle "CBM 148 Extra"]
[Source "ChessBase"]
[SourceDate "2012.06.22"]

1. Nf3 Nf6 2. c4 g6 3. Nc3 Bg7 4. e4 d6 5. d4 O-O 6. Be2 e5 7. O-O Nc6 8. d5
Ne7 9. b4 a5 10. Ba3 axb4 11. Bxb4 b6 12. a4 Re8 13. Re1 Bf8 14. h3 h6 15. Bf1
Nh5 16. Nb5 Ba6 17. a5 c5 18. Bc3 Bxb5 19. cxb5 bxa5 20. Nd2 Nc8 21. Nc4 Re7
22. Nxa5 Rea7 23. Qd2 Qc7 24. Nc4 Rxa1 25. Rxa1 Rxa1 26. Bxa1 Nf6 27. f3 Nd7
28. Bc3 Qa7 29. Ba5 Ncb6 30. Bxb6 Nxb6 31. Nxb6 Qxb6 32. Bc4 Kg7 33. Qa2 Be7
34. Qa6 Bd8 35. Kh2 Bc7 36. Kg3 Qb8 37. h4 Qd8 38. Kh3 g5 39. hxg5 hxg5 40. g3
g4+ 41. fxg4 Qh8+ 42. Kg2 Qh7 43. Bd3 c4 44. Bb1 Qh6 45. g5 Qxg5 46. b6 Qd2+
47. Kh3 Qh6+ 48. Kg2 Qd2+ 49. Kh3 Qh6+ 50. Kg2 Qd2+ 51. Kh3 1/2-1/2

[Event "Copenhagen Bronshoj GM"]
[Site "Copenhagen"]
[Date "2012.06.04"]
[Round "7"]
[White "Hagen, Andreas Skytte"]
[Black "Shahade, Gregory P"]
[Result "1/2-1/2"]
[WhiteElo "2445"]
[BlackElo "2471"]
[PlyCount "63"]
[EventDate "2012.06.01"]
[EventType "tourn"]
[EventRounds "9"]
[EventCountry "DEN"]
[EventCategory "8"]
[SourceTitle "CBM 148 Extra"]
[Source "ChessBase"]
[SourceDate "2012.06.22"]

1. d4 Nf6 2. c4 g6 3. Nc3 d5 4. cxd5 Nxd5 5. e4 Nxc3 6. bxc3 Bg7 7. Bc4 c5 8.
Ne2 O-O 9. O-O Nc6 10. Be3 Qc7 11. Rc1 Rd8 12. Bf4 Qd7 13. d5 Na5 14. Bd3 b5
15. Be3 e6 16. Bxc5 exd5 17. e5 Bxe5 18. Bd4 Bxd4 19. Nxd4 Nc4 20. Bxc4 dxc4
21. Nxb5 Bb7 22. Qxd7 Rxd7 23. Rfd1 Rad8 24. Rxd7 Rxd7 25. Nxa7 Rd2 26. Ra1 Rd3
27. Nb5 Bc6 28. a4 Bxb5 29. axb5 Rxc3 30. g3 Rb3 31. Rc1 Rxb5 32. Rxc4 1/2-1/2

[Event "Copenhagen Bronshoj GM"]
[Site "Copenhagen"]
[Date "2012.06.03"]
[Round "5"]
[White "Hector, Jonny"]
[Black "Georgiev, Vladimir"]
[Result "0-1"]
[WhiteElo "2560"]
[BlackElo "2555"]
[PlyCount "90"]
[EventDate "2012.06.01"]
[EventType "tourn"]
[EventRounds "9"]
[EventCountry "DEN"]
[EventCategory "8"]
[SourceTitle "CBM 148 Extra"]
[Source "ChessBase"]
[SourceDate "2012.06.22"]

1. e4 e5 2. Nf3 Nc6 3. Bc4 Bc5 4. b4 Bb6 5. a4 a6 6. c3 Nf6 7. d3 h6 8. Ba2 O-O
9. b5 axb5 10. axb5 Na5 11. Nxe5 d5 12. O-O Re8 13. Bf4 Be6 14. Nd2 dxe4 15.
dxe4 Bxa2 16. Rxa2 Qd6 17. Qa1 Nh5 18. Ndc4 Qf6 19. Bg3 Nxg3 20. hxg3 Rxe5 21.
Nxe5 Qxe5 22. c4 Qc5 23. Qc3 Kh7 24. e5 Qd4 25. Qc2+ Kg8 26. Re1 Bc5 27. e6
fxe6 28. Rxe6 Rf8 29. Re4 Rxf2 30. Rxd4 Rxc2 31. Rxc2 Bxd4+ 32. Kf1 b6 33. Ke2
Nb3 34. Kf3 Be5 35. Ra2 Kf7 36. g4 Ke6 37. Ke4 Nc5+ 38. Ke3 Bf6 39. Ra8 Nd7 40.
Ke4 Kd6 41. Ra2 Ne5 42. Rd2+ Kc5 43. Kf5 Nxc4 44. Rd7 Nd6+ 45. Kg6 Nxb5 0-1

[Event "Copenhagen Bronshoj GM"]
[Site "Copenhagen"]
[Date "2012.06.02"]
[Round "3"]
[White "Hector, Jonny"]
[Black "Hagen, Andreas Skytte"]
[Result "1/2-1/2"]
[WhiteElo "2560"]
[BlackElo "2445"]
[PlyCount "100"]
[EventDate "2012.06.01"]
[EventType "tourn"]
[EventRounds "9"]
[EventCountry "DEN"]
[EventCategory "8"]
[SourceTitle "CBM 148 Extra"]
[Source "ChessBase"]
[SourceDate "2012.06.22"]

1. e4 e5 2. Nc3 Nf6 3. f4 d5 4. fxe5 Nxe4 5. Nf3 Bc5 6. d4 Bb4 7. Bd2 Bg4 8.
Bd3 Nxd2 9. Qxd2 Bxf3 10. gxf3 Nc6 11. Bb5 Qh4+ 12. Qf2 Qh6 13. O-O O-O-O 14.
Ne2 Be7 15. f4 Kb8 16. Rad1 Bh4 17. Qg2 Ne7 18. Rf3 f5 19. Rh3 Rhg8 20. Kh1 g5
21. fxg5 Rxg5 22. Qf3 Rg4 23. Bd3 Qg5 24. Rf1 Rf8 25. Qe3 f4 26. Qc1 c5 27. Ng1
Nf5 28. Nf3 Qh6 29. Bxf5 Rxf5 30. Rg1 Rfg5 31. Rxg4 Rxg4 32. Qe1 Bxe1 33. Rxh6
Bf2 34. dxc5 Rg7 35. b4 a5 36. a3 Be3 37. c6 a4 38. Rd6 bxc6 39. Rxc6 Rc7 40.
Rxc7 Kxc7 41. c3 Kd7 42. Nd4 Bc1 43. Nb5 Ke6 44. Kg2 Kxe5 45. Kf3 Bb2 46. Ke2
Ke4 47. Nd6+ Ke5 48. Nb5 Ke4 49. Nd6+ Ke5 50. Nb5 Ke4 1/2-1/2

[Event "Copenhagen Bronshoj GM"]
[Site "Copenhagen"]
[Date "2012.06.02"]
[Round "2"]
[White "Mikkelsen, Nikolaj"]
[Black "Andersen, Mads"]
[Result "1/2-1/2"]
[WhiteElo "2399"]
[BlackElo "2431"]
[PlyCount "61"]
[EventDate "2012.06.01"]
[EventType "tourn"]
[EventRounds "9"]
[EventCountry "DEN"]
[EventCategory "8"]
[SourceTitle "CBM 148 Extra"]
[Source "ChessBase"]
[SourceDate "2012.06.22"]

1. Nf3 d5 2. d4 Nf6 3. Bf4 c5 4. e3 Nc6 5. Be2 e6 6. O-O Bd6 7. Bxd6 Qxd6 8. c4
dxc4 9. Na3 cxd4 10. Nxc4 Qd5 11. Nxd4 Nxd4 12. exd4 O-O 13. Ne3 Qd6 14. Bf3
Rd8 15. Qb3 Rb8 16. Rfd1 Bd7 17. d5 exd5 18. Nxd5 Nxd5 19. Bxd5 Qf6 20. Rd3 Bc6
21. Bxc6 Rxd3 22. Qxd3 Qxc6 23. Re1 Re8 24. Rxe8+ Qxe8 25. g3 g6 26. Qd5 Qe7
27. Kg2 a6 28. a3 h5 29. h4 Kg7 30. Qf3 Kg8 31. Qd5 1/2-1/2

[Event "Copenhagen Bronshoj GM"]
[Site "Copenhagen"]
[Date "2012.06.04"]
[Round "7"]
[White "Mikkelsen, Nikolaj"]
[Black "Georgiev, Vladimir"]
[Result "1-0"]
[WhiteElo "2399"]
[BlackElo "2555"]
[PlyCount "93"]
[EventDate "2012.06.01"]
[EventType "tourn"]
[EventRounds "9"]
[EventCountry "DEN"]
[EventCategory "8"]
[SourceTitle "CBM 148 Extra"]
[Source "ChessBase"]
[SourceDate "2012.06.22"]

1. e4 e5 2. Nf3 Nc6 3. Bc4 Bc5 4. c3 Nf6 5. d3 O-O 6. O-O d5 7. exd5 Nxd5 8.
Nbd2 Nb6 9. Bb5 Bg4 10. h3 Bh5 11. Ne4 Bd6 12. Ng3 Bg6 13. Re1 Re8 14. Bg5 Qd7
15. Nh4 a6 16. Bxc6 Qxc6 17. Nxg6 hxg6 18. Qe2 f6 19. Be3 Nd5 20. Qf3 Rad8 21.
Rad1 Ne7 22. Qe4 f5 23. Qxc6 Nxc6 24. Nf1 Be7 25. Nh2 Bf6 26. Kf1 Rd5 27. Ke2
Kf7 28. Nf3 Nd4+ 29. Bxd4 exd4+ 30. Kd2 dxc3+ 31. bxc3 Red8 32. Kc2 Ra5 33. Kb2
Rd6 34. d4 Rb6+ 35. Ka1 Rb3 36. Rd3 Rba3 37. Re2 f4 38. h4 b5 39. Kb1 R5a4 40.
g4 fxg3 41. Ng5+ Bxg5 42. hxg5 Rb4+ 43. Kc1 Rc4 44. Kb2 b4 45. Rf3+ Kg8 46.
Re8+ Kh7 47. Rff8 1-0

[Event "Copenhagen Bronshoj GM"]
[Site "Copenhagen"]
[Date "2012.06.03"]
[Round "4"]
[White "Mikkelsen, Nikolaj"]
[Black "Hector, Jonny"]
[Result "1-0"]
[WhiteElo "2399"]
[BlackElo "2560"]
[PlyCount "113"]
[EventDate "2012.06.01"]
[EventType "tourn"]
[EventRounds "9"]
[EventCountry "DEN"]
[EventCategory "8"]
[SourceTitle "CBM 148 Extra"]
[Source "ChessBase"]
[SourceDate "2012.06.22"]

1. e4 e5 2. Nf3 Nc6 3. Bc4 Nf6 4. d3 Bc5 5. c3 O-O 6. Nbd2 d5 7. exd5 Nxd5 8.
O-O Nb6 9. Bb5 Bg4 10. h3 Bh5 11. Ne4 Bd6 12. Ng3 Bg6 13. d4 e4 14. Bxc6 bxc6
15. Ne5 Bxe5 16. dxe5 Qxd1 17. Rxd1 Rfe8 18. h4 h6 19. h5 Bh7 20. b3 Rxe5 21.
c4 Re7 22. Bf4 Rc8 23. Rd2 Rd7 24. Rad1 Rxd2 25. Rxd2 Kf8 26. Rd4 f5 27. Ne2
Ke7 28. Be5 g6 29. hxg6 Bxg6 30. Bf4 h5 31. Rd2 Kf6 32. Bg3 Be8 33. Nf4 Bf7 34.
Nh3 Be8 35. Bh4+ Ke5 36. f4+ exf3 37. gxf3 f4 38. Re2+ Kd4 39. Bf2+ Kc3 40.
Be1+ Kd4 41. Re4+ Kd3 42. Nxf4+ Kc2 43. Rd4 Kb1 44. Rd2 Bf7 45. Bh4 Kc1 46. Re2
Re8 47. Rf2 Nd7 48. Nd3+ Kb1 49. f4 Re3 50. Nb4 c5 51. Nc2 Rh3 52. Na3+ Ka1 53.
Bg5 Bg6 54. Bh6 Rg3+ 55. Kh2 Rd3 56. Bg7+ Rd4 57. f5 1-0

[Event "Copenhagen Bronshoj GM"]
[Site "Copenhagen"]
[Date "2012.06.03"]
[Round "4"]
[White "Shahade, Gregory P"]
[Black "Andersen, Mads"]
[Result "0-1"]
[WhiteElo "2471"]
[BlackElo "2431"]
[PlyCount "72"]
[EventDate "2012.06.01"]
[EventType "tourn"]
[EventRounds "9"]
[EventCountry "DEN"]
[EventCategory "8"]
[SourceTitle "CBM 148 Extra"]
[Source "ChessBase"]
[SourceDate "2012.06.22"]

1. Nf3 d5 2. d4 Nf6 3. c4 c6 4. Nc3 e6 5. Bg5 h6 6. Bh4 dxc4 7. e4 g5 8. Bg3 b5
9. Be2 Bb7 10. h4 g4 11. Ne5 h5 12. O-O Nbd7 13. Qc2 Bg7 14. b3 Nxe5 15. Bxe5
O-O 16. bxc4 Nh7 17. Bxg7 Kxg7 18. Qd3 Qxh4 19. cxb5 Rad8 20. Rfd1 Qg5 21. Rab1
c5 22. d5 exd5 23. exd5 Nf6 24. d6 Rfe8 25. Qd2 Qe5 26. Rb3 Re6 27. Qe3 Qxe3
28. fxe3 Rexd6 29. Rxd6 Rxd6 30. Ra3 Ne4 31. Nxe4 Bxe4 32. Rxa7 Rd2 33. Ra4 Bc2
34. Rc4 Rxe2 35. b6 g3 36. Kf1 Bd3 0-1

[Event "Copenhagen Bronshoj GM"]
[Site "Copenhagen"]
[Date "2012.06.01"]
[Round "1"]
[White "Shahade, Gregory P"]
[Black "Carstensen, Jacob"]
[Result "1/2-1/2"]
[WhiteElo "2471"]
[BlackElo "2305"]
[PlyCount "66"]
[EventDate "2012.06.01"]
[EventType "tourn"]
[EventRounds "9"]
[EventCountry "DEN"]
[EventCategory "8"]
[SourceTitle "CBM 148 Extra"]
[Source "ChessBase"]
[SourceDate "2012.06.22"]

1. e4 e6 2. d4 d5 3. Nd2 c5 4. exd5 Qxd5 5. dxc5 Bxc5 6. Ngf3 Nf6 7. Bc4 Qc6 8.
O-O O-O 9. Qe2 Nbd7 10. Nb3 b6 11. Nxc5 Qxc5 12. b3 Bb7 13. Bb2 Bxf3 14. Qxf3
Ne5 15. Qg3 Ng6 16. a4 Rfd8 17. Rad1 a6 18. Rxd8+ Rxd8 19. Qc3 Nf4 20. Qe5 N4d5
21. Rd1 b5 22. axb5 axb5 23. Qg3 Kf8 24. Bxf6 gxf6 25. Bd3 Nb4 26. Qh4 Qc3 27.
h3 Nxd3 28. cxd3 Qxb3 29. Ra1 Rxd3 30. Qxf6 Rd1+ 31. Kh2 Rxa1 32. Qd8+ Kg7 33.
Qg5+ Kf8 1/2-1/2

[Event "Copenhagen Bronshoj GM"]
[Site "Copenhagen"]
[Date "2012.06.04"]
[Round "6"]
[White "Shahade, Gregory P"]
[Black "Hector, Jonny"]
[Result "0-1"]
[WhiteElo "2471"]
[BlackElo "2560"]
[PlyCount "82"]
[EventDate "2012.06.01"]
[EventType "tourn"]
[EventRounds "9"]
[EventCountry "DEN"]
[EventCategory "8"]
[SourceTitle "CBM 148 Extra"]
[Source "ChessBase"]
[SourceDate "2012.06.22"]

1. d4 d5 2. c4 c6 3. Nf3 Nf6 4. Nc3 e6 5. Bg5 dxc4 6. e4 b5 7. e5 h6 8. Bh4 g5
9. Nxg5 hxg5 10. Bxg5 Nbd7 11. exf6 Bb7 12. g3 c5 13. d5 Nxf6 14. Bg2 Bh6 15.
Bxf6 Qxf6 16. O-O O-O-O 17. Nxb5 a6 18. Nc3 exd5 19. Re1 Kb8 20. Qe2 Rd7 21.
Rad1 Rhd8 22. h4 Bf8 23. Qh5 Qh6 24. Qf5 d4 25. Re8 Rxe8 26. Qxd7 Re7 27. Qd8+
Ka7 28. Bxb7 Rxb7 29. Na4 Be7 30. Qe8 Qe6 31. Qg8 Qc6 32. b3 Qf3 33. Re1 d3 34.
Re3 Qf6 35. bxc4 d2 36. Nc3 Qxc3 37. Rxc3 d1=Q+ 38. Kg2 Rb1 39. Kh3 Qh1+ 40.
Kg4 Qe4+ 41. f4 Qe2+ 0-1

[Event "Copenhagen Bronshoj GM"]
[Site "Copenhagen"]
[Date "2012.06.05"]
[Round "8"]
[White "Shahade, Gregory P"]
[Black "Mikkelsen, Nikolaj"]
[Result "1/2-1/2"]
[WhiteElo "2471"]
[BlackElo "2399"]
[PlyCount "46"]
[EventDate "2012.06.01"]
[EventType "tourn"]
[EventRounds "9"]
[EventCountry "DEN"]
[EventCategory "8"]
[SourceTitle "CBM 148 Extra"]
[Source "ChessBase"]
[SourceDate "2012.06.22"]

1. e4 c5 2. Nf3 Nc6 3. d4 cxd4 4. Nxd4 Nf6 5. Nc3 d6 6. Bg5 e6 7. Qd2 a6 8.
O-O-O Be7 9. f4 Nxd4 10. Qxd4 b5 11. Bxf6 gxf6 12. f5 Qc7 13. Qd2 b4 14. Ne2 e5
15. Kb1 Bb7 16. Ng3 d5 17. exd5 Rd8 18. Bd3 Bxd5 19. Qe2 O-O 20. Be4 Bc4 21.
Bd3 Bd5 22. Be4 Bc4 23. Bd3 Bd5 1/2-1/2